| 000 | 00454cam a2200157 4500 | ||
|---|---|---|---|
| 008 | 090602t20032003sp 000 0 spa u | ||
| 020 | _a8497721888 | ||
| 035 | _aa481846 | ||
| 050 | 0 | 4 |
_aKKT1270.E7 _bG73 2003 |
| 100 | 1 | _aGrau Morancho, Ramiro | |
| 245 | 1 | 0 |
_aEstudios laborales / _cRamiro Grau Morancho. |
| 250 | _a1a ed. | ||
| 260 |
_aMadrid, España : _bDYKINSON, _c2003 |
||
| 300 |
_a149 páginas ; _c24 cm. |
||
| 650 | 7 |
_aDerecho laboral _zEspaña _2Lemb |
|
| 942 |
_2lcc _cLIB |
||
| 999 |
_c147504 _d147502 |
||